00538nam a22001697a 450000500170000001000170001702000110003403500170004503700230006208200080008510000180009324501080011126000400021927000630025930000260032270000200034820100831142028.0 aB-410437-458 c400.00 aB-410437-458 bDisha Publications a540 aAgarwal, O.P. aNumerical chemistry :cby O.P. Agarwal and Deepak Agarwalba step by step approach to problem solving / aNew DelhibDisha Publicationsc2010 aB-32, Shivalik Main Road, Malviya NagarbNew Delhie110017 a760p. :c28 cm. (Pbk) aAgarwal, Deepak